<?xml version="1.0" encoding="UTF-8"?>
<record
    xmlns:xsi="http://www.w3.org/2001/XMLSchema-instance"
    xsi:schemaLocation="http://www.loc.gov/MARC21/slim http://www.loc.gov/standards/marcxml/schema/MARC21slim.xsd"
    xmlns="http://www.loc.gov/MARC21/slim">

  <leader>00751nam a2200229 i 4500</leader>
  <controlfield tag="001">sa 68013271 </controlfield>
  <controlfield tag="003">DLC</controlfield>
  <controlfield tag="005">20260227112620.0</controlfield>
  <controlfield tag="008">850119s1965    th ac         00010 thao </controlfield>
  <datafield tag="010" ind1=" " ind2=" ">
    <subfield code="a">sa 68013271 //r852</subfield>
  </datafield>
  <datafield tag="043" ind1=" " ind2=" ">
    <subfield code="a">a-th---</subfield>
  </datafield>
  <datafield tag="050" ind1="0" ind2=" ">
    <subfield code="a">DS578</subfield>
    <subfield code="b">.B8</subfield>
  </datafield>
  <datafield tag="100" ind1="0" ind2="0">
    <subfield code="a">Bunr&#x14D;&#x31C;t M&#x14D;r&#x101;r&#x1B0;&#x304;ang.</subfield>
  </datafield>
  <datafield tag="245" ind1="1" ind2="0">
    <subfield code="a">Lumsop Say&#x101;m /</subfield>
    <subfield code="c">banth&#x1B0;k d&#x14D;i Nirand&#x14D;&#x31C;nchai [i.e. Bunr&#x14D;&#x31C;t M&#x14D;r&#x101;r&#x1B0;&#x304;ang l&#xE6; Khath&#x101;dam.</subfield>
  </datafield>
  <datafield tag="260" ind1="0" ind2=" ">
    <subfield code="a">[Phra Nakh&#x14D;&#x31C;n] :</subfield>
    <subfield code="b">&#x2BB;&#x14C;d&#x12B;an K&#x101;nphim,</subfield>
    <subfield code="c">[1965]</subfield>
  </datafield>
  <datafield tag="300" ind1=" " ind2=" ">
    <subfield code="a">4, 12, 945 p. :</subfield>
    <subfield code="b">ill. ports. ;</subfield>
    <subfield code="c">19 cm.</subfield>
  </datafield>
  <datafield tag="500" ind1=" " ind2=" ">
    <subfield code="a">"Nangs&#x1B0;&#x304; sarakhad&#x12B; k&#x101;nm&#x1B0;&#x304;ang."</subfield>
  </datafield>
  <datafield tag="500" ind1=" " ind2=" ">
    <subfield code="a">In Thai.</subfield>
  </datafield>
  <datafield tag="651" ind1=" " ind2="0">
    <subfield code="a">Thailand</subfield>
    <subfield code="x">Politics and government.</subfield>
  </datafield>
  <datafield tag="651" ind1=" " ind2="0">
    <subfield code="a">Thailand</subfield>
    <subfield code="x">Kings and rulers.</subfield>
  </datafield>
  <datafield tag="700" ind1="0" ind2="0">
    <subfield code="a">Khath&#x101;dam,</subfield>
    <subfield code="e">joint author.</subfield>
  </datafield>
  <datafield tag="999" ind1=" " ind2=" ">
    <subfield code="c">85005</subfield>
    <subfield code="d">85005</subfield>
  </datafield>
</record>
